00624nam a2200217Ia 4500008004100000050001700041050001800058100002500076245005600101245005000157260001700207260004500224260000900269300001700278300002000295300001100315440000800326500002000334650003500354650001700389160303s9999 xx 000 0 und d aFIL KPM 1205 b.A43 1999 v.1 aAlcantara, Samson S. aPhilippine labor and social legislation annotated / cSamson S. Alcantara, Samson B. Alcantara, Jr. aQuezon City: bThe Philippines Labor Relations Journal, c1999 a1370 pages : billustrations ; c23 cm. vv.1 aIncludes index. aLabor laws and legislation --  xPhilippines.